000
00315nam a22001457a 4500
003
OSt
005
20160727222357.0
008
160622b xxu||||| |||| 00| 0 eng d
040
_c
TEST
100
_9
579
_a
TEST
245
_a
The te of Piglet
260
_a
N.Y
_b
Dutton
_c
1992
300
_a
The te of Piglet
942
_c
BK
999
_c
481
_d
481